000 00846nam a2200313 a 4500
003 AR-BaBNM
005 20251128203031.0
008 082120s2002 ||||||||||||||000 | spa||
020 _a92-3-302047-9
040 _cAR-BaBNM
100 1 _aMassiah, Joycelin
245 0 0 _aLa mujer como jefe de familia en el Caribe
_bestructura familiar y condición social de la mujer
250 _a1ª ed.
260 _aParís
_bUnesco
_c1984
300 _a65 p.
500 _aReferencias p. 63-65
650 4 _aMUJERES
650 4 _aJEFES DE FAMILIA
650 4 _aDEMOGRAFIA
650 4 _aPOBREZA
650 4 _aPROBLEMAS SOCIALES
650 4 _aDESVENTAJA SOCIAL
650 4 _aIGUALDAD DE DERECHOS DEL HOMBRE Y LA MUJER
650 4 _aDERECHOS DE LA MUJER
650 4 _aMEDIO FAMILIAR
651 4 _aCaribe
942 _cBK
998 _cCarmen
999 _c1600
_d1600